Overview of certain provisions in the Chairman's tax reform proposal relating to excise taxes and tariffs : scheduled for a hearing before the Senate Committee on Finance on April 21, 1986 /

Bibliographic Details
Corporate Authors: United States. Congress. Joint Committee on Taxation, United States. Congress. Senate. Committee on Finance
Format: Government Document eBook
Language:English
Published: [Washington, D.C.] : [Joint Committee on Taxation], [1986]
Subjects:
Online Access:https://purl.fdlp.gov/GPO/gpo187366

MARC

Tag First Indicator Second Indicator Subfields
LEADER 00000nam a2200000 i 4500
001 in00004642021
006 m o d f
007 cr |||||||||||
008 870915s1986 dcu o f000 0 eng c
005 20230113210936.1
035 |a (OCoLC)on1050264093 
040 |a INARC  |b eng  |e rda  |e pn  |c INARC  |d OCLCO  |d OCLCF  |d OCLCQ  |d OCLCO  |d GPO  |d MvI 
042 |a pcc 
043 |a n-us--- 
049 |a WWW 
074 |a 1002-C (online) 
086 0 |a Y 4.T 19/4:EX 2/3 
088 |a JCX-4-86 
245 0 0 |a Overview of certain provisions in the Chairman's tax reform proposal relating to excise taxes and tariffs :  |b scheduled for a hearing before the Senate Committee on Finance on April 21, 1986 /  |c prepared by the Staff of the Joint Committee on Taxation, April 18, 1986. 
264 1 |a [Washington, D.C.] :  |b [Joint Committee on Taxation],  |c [1986] 
300 |a 1 online resource (24 pages) 
336 |a text  |b txt  |2 rdacontent 
337 |a computer  |b c  |2 rdamedia 
338 |a online resource  |b cr  |2 rdacarrier 
588 |a Description based on online resource; title from PDF cover (JCt webstie, viewed Oct. 6, 2022). 
500 |a "JCX-4-86." 
500 |a GPO Cataloging Record Distribution Program (CRDP). 
610 1 0 |a United States.  |t Tax Reform Act of 1986.  |0 https://id.loc.gov/authorities/names/n86109410 
650 0 |a Taxation  |x Law and legislation  |0 https://id.loc.gov/authorities/subjects/sh85132851  |z United States.  |0 https://id.loc.gov/authorities/names/n78095330-781 
650 0 |a Tariff  |x Law and legislation  |0 https://id.loc.gov/authorities/subjects/sh85132494  |z United States.  |0 https://id.loc.gov/authorities/names/n78095330-781 
650 0 |a Excise tax  |x Law and legislation  |0 https://id.loc.gov/authorities/subjects/sh85046240  |z United States.  |0 https://id.loc.gov/authorities/names/n78095330-781 
710 1 |a United States.  |b Congress.  |b Joint Committee on Taxation.  |0 https://id.loc.gov/authorities/names/n79021613 
710 1 |a United States.  |b Congress.  |b Senate.  |b Committee on Finance.  |0 https://id.loc.gov/authorities/names/n78088975 
856 4 0 |u https://purl.fdlp.gov/GPO/gpo187366  |t 0 
999 f f |s 8dc9ce3e-cf91-4980-9fc3-37e41babc2be  |i d0c999a4-6073-4fde-8c33-789b5bc573f0  |t 0 
952 f f |a Texas A&M University  |b College Station  |c Electronic Resources  |d Available Online  |t 0  |e Y 4.T 19/4:EX 2/3  |h Superintendent of Documents classification 
998 f f |a Y 4.T 19/4:EX 2/3  |t 0  |l Available Online